<?xml version="1.0" encoding="UTF-8"?>
<record
    xmlns:xsi="http://www.w3.org/2001/XMLSchema-instance"
    xsi:schemaLocation="http://www.loc.gov/MARC21/slim http://www.loc.gov/standards/marcxml/schema/MARC21slim.xsd"
    xmlns="http://www.loc.gov/MARC21/slim">

  <leader>00268nam a22001097a 4500</leader>
  <controlfield tag="008">140320t        xxu||||| |||| 00| 0 eng d</controlfield>
  <datafield tag="100" ind1=" " ind2=" ">
    <subfield code="a">Anton Yuryev</subfield>
    <subfield code="9">796</subfield>
  </datafield>
  <datafield tag="240" ind1=" " ind2=" ">
    <subfield code="a">Methods in molecular biology 402</subfield>
  </datafield>
  <datafield tag="245" ind1=" " ind2=" ">
    <subfield code="a">PCR Primer Design</subfield>
  </datafield>
  <datafield tag="300" ind1=" " ind2=" ">
    <subfield code="a">418 p.</subfield>
  </datafield>
  <datafield tag="942" ind1=" " ind2=" ">
    <subfield code="2">ddc</subfield>
    <subfield code="c">BK</subfield>
  </datafield>
  <datafield tag="999" ind1=" " ind2=" ">
    <subfield code="c">17048</subfield>
    <subfield code="d">17048</subfield>
  </datafield>
  <datafield tag="952" ind1=" " ind2=" ">
    <subfield code="0">0</subfield>
    <subfield code="1">0</subfield>
    <subfield code="2">ddc</subfield>
    <subfield code="4">0</subfield>
    <subfield code="7">0</subfield>
    <subfield code="8">NFIC</subfield>
    <subfield code="a">ASAB</subfield>
    <subfield code="b">ASAB</subfield>
    <subfield code="d">2014-03-20</subfield>
    <subfield code="l">0</subfield>
    <subfield code="o">572.86 YUR</subfield>
    <subfield code="p">ASAB1109</subfield>
    <subfield code="r">2014-03-20</subfield>
    <subfield code="w">2014-03-20</subfield>
    <subfield code="y">BK</subfield>
  </datafield>
  <datafield tag="952" ind1=" " ind2=" ">
    <subfield code="0">0</subfield>
    <subfield code="1">0</subfield>
    <subfield code="2">ddc</subfield>
    <subfield code="4">0</subfield>
    <subfield code="7">0</subfield>
    <subfield code="8">NFIC</subfield>
    <subfield code="a">ASAB</subfield>
    <subfield code="b">ASAB</subfield>
    <subfield code="d">2014-03-20</subfield>
    <subfield code="l">0</subfield>
    <subfield code="o">572.86 YUR</subfield>
    <subfield code="p">ASAB1108</subfield>
    <subfield code="r">2014-03-20</subfield>
    <subfield code="w">2014-03-20</subfield>
    <subfield code="y">BK</subfield>
  </datafield>
  <datafield tag="952" ind1=" " ind2=" ">
    <subfield code="0">0</subfield>
    <subfield code="1">0</subfield>
    <subfield code="2">ddc</subfield>
    <subfield code="4">0</subfield>
    <subfield code="7">0</subfield>
    <subfield code="8">NFIC</subfield>
    <subfield code="a">ASAB</subfield>
    <subfield code="b">ASAB</subfield>
    <subfield code="d">2014-03-20</subfield>
    <subfield code="l">0</subfield>
    <subfield code="o">572.86 YUR</subfield>
    <subfield code="p">ASAB1107</subfield>
    <subfield code="r">2014-03-20</subfield>
    <subfield code="w">2014-03-20</subfield>
    <subfield code="y">BK</subfield>
  </datafield>
  <datafield tag="952" ind1=" " ind2=" ">
    <subfield code="0">0</subfield>
    <subfield code="1">0</subfield>
    <subfield code="2">ddc</subfield>
    <subfield code="4">0</subfield>
    <subfield code="7">0</subfield>
    <subfield code="8">NFIC</subfield>
    <subfield code="a">ASAB</subfield>
    <subfield code="b">ASAB</subfield>
    <subfield code="d">2014-03-20</subfield>
    <subfield code="l">0</subfield>
    <subfield code="o">572.86 YUR</subfield>
    <subfield code="p">ASAB1106</subfield>
    <subfield code="r">2016-05-11</subfield>
    <subfield code="w">2014-03-20</subfield>
    <subfield code="y">BK</subfield>
  </datafield>
  <datafield tag="952" ind1=" " ind2=" ">
    <subfield code="0">0</subfield>
    <subfield code="1">0</subfield>
    <subfield code="2">ddc</subfield>
    <subfield code="4">0</subfield>
    <subfield code="7">0</subfield>
    <subfield code="8">NFIC</subfield>
    <subfield code="a">ASAB</subfield>
    <subfield code="b">ASAB</subfield>
    <subfield code="d">2014-03-20</subfield>
    <subfield code="l">0</subfield>
    <subfield code="o">572.86 YUR</subfield>
    <subfield code="p">ASAB1105</subfield>
    <subfield code="r">2014-03-20</subfield>
    <subfield code="w">2014-03-20</subfield>
    <subfield code="y">BK</subfield>
  </datafield>
</record>
